000 00620nam a22002057a 4500
999 _c4206
_d4206
003 AR-CdUCM
008 190308b ||||| |||| 00| 0 esp d
020 _aISBN
040 _aMUNICIPALIDAD PROVINCIAL DEL CUSCO
_cBIBLIOTECA MUNICIPAL DEL CUSCO
082 _a869.558 /
_bP19
100 _aPalma, Ricardo
_9304
245 _aLa bohemia de mi tiempo /
_cRicardo Palma
260 _aLima :
_bHora del hombre,
_c1948.
300 _a102 paginas
_c17 cm.
500 _aDonación de la familia Luis Nieto
650 _aLiteratura peruana
_9169
650 _aHistoria y critica
_95993
942 _2ddc
_cLIBROS
945 _aacrt